000 00656nam a2200229Ia 4500
003 OSt
005 20220923213916.0
006 a|||||r|||| 00| 0
007 ta
008 220922b |||||||| |||| 00| 0 hin d
024 _a165,560
037 _cTextual
040 _aARTS
_cARTS
_bhin
041 _2hin
_ahin
082 _aO152:1NSx, J6
100 _aसुमन, शिवमंगल सिंह
245 0 _aपर आखंे नही भरी
246 _aPar ākhane nahī bharī
260 _c1956
942 _hO152:1NSx, J6
_cTEXL
_2CC
999 _c320039
_d320039